Normal view
MARC view
Entry Personal Name
001 - CONTROL NUMBER
- control field: 65930
003 - CONTROL NUMBER IDENTIFIER
- control field: OSt
005 - DATE AND TIME OF LATEST TRANSACTION
- control field: 20260202152723.0
008 - FIXED-LENGTH DATA ELEMENTS
- fixed length control field: 260202|| aca||aabn | a|a d
040 ## - CATALOGING SOURCE
- Original cataloging agency: OSt
- Transcribing agency: OSt
100 ## - HEADING--PERSONAL NAME
- Personal name: Nwe Ni Win.
- Numeration: 4 PhD-Hist-5
670 ## - SOURCE DATA FOUND
- Source citation: Work cat.: (OSt): Nwe Ni Win. 4 PhD-Hist-5, History of Kyaukse in Colonial Period(1886-1948)., May,2011.